Govt. of
Madhya Pradesh

दुख्‍ा का संगीत (Record no. 54061)

MARC details
000 -LEADER
fixed length control field 00681nam a22001697a 4500
003 - CONTROL NUMBER IDENTIFIER
control field MACL
005 - DATE AND TIME OF LATEST TRANSACTION
control field 20160522124453.0
008 - FIXED-LENGTH DATA ELEMENTS--GENERAL INFORMATION
fixed length control field 160522b xxu||||| |||| 00| 0 eng d
040 ## - CATALOGING SOURCE
Transcribing agency MACL
041 ## - LANGUAGE CODE
Language code of text/sound track or separate title Hindi
082 ## - DEWEY DECIMAL CLASSIFICATION NUMBER
Classification number 891.433 KAN
100 ## - MAIN ENTRY--PERSONAL NAME
Personal name कानूनगो, इंदुप्रकाश
9 (RLIN) 56915
245 ## - TITLE STATEMENT
Title दुख्‍ा का संगीत
Remainder of title विश्‍व के कुछ महान कथाकारों की श्रेष्‍ठ कहानियां
Statement of responsibility, etc. इंदुप्रकाश कानूनगो
260 ## - PUBLICATION, DISTRIBUTION, ETC. (IMPRINT)
Place of publication, distribution, etc. मेरठ
Name of publisher, distributor, etc. संवाद प्रकाशन
Date of publication, distribution, etc. 2004
650 ## - SUBJECT ADDED ENTRY--TOPICAL TERM
Topical term or geographic name as entry element Stories
9 (RLIN) 58743
942 ## - ADDED ENTRY ELEMENTS (KOHA)
Source of classification or shelving scheme
Koha item type Hindi Books
Holdings
Withdrawn status Lost status Source of classification or shelving scheme Damaged status Not for loan Home library Current library Date acquired Cost, normal purchase price Total Checkouts Full call number Barcode Date last seen Price effective from Koha item type
          MACL MACL 22/05/2016 200.00   891.433 KAN CRH017647 22/05/2016 22/05/2016 Hindi Books